|
|
|
|
| LEADER |
00000nam a2200000 a 4500 |
| 001 |
vtls001218613 |
| 003 |
SK-MaSNL |
| 005 |
20260301112444.0 |
| 008 |
240318s1999 xo 0 slo |
| 015 |
|
|
|a SNBG1999/02-00827
|
| 020 |
|
|
|a 8071187178
|
| 035 |
|
|
|a SNK000162320
|
| 035 |
|
|
|a urn:nbn:sk:snk-amkf6m
|
| 035 |
|
|
|a urn:nbn:sk:snk-am008hrr
|
| 035 |
|
|
|a FC5EE5BB-88D8-4309-9E77-76FC92A34C75
|
| 040 |
|
|
|a SNK
|b slo
|c SNK
|e AACR2
|
| 041 |
0 |
|
|a slo
|
| 044 |
|
|
|a xo
|c SK
|
| 080 |
|
|
|a 087.5(084)
|2 1981
|
| 100 |
1 |
|
|a Čorba, Jaroslav
|4 aut
|9 270628
|
| 245 |
1 |
0 |
|a Tivoli
|h grafika
|c Jaroslav Čorba ; fotografie na obálke Štefan Blažo
|
| 260 |
|
|
|a Bratislava
|b Ikar
|c 1999
|
| 300 |
|
|
|a 155 s.
|b tab.
|c 21 cm
|
| 650 |
0 |
7 |
|a krížovky
|x hádanky
|x hlavolamy
|x hračky knižné
|2 SNK
|9 453190
|
| 655 |
|
7 |
|a GKH
|2 SNK
|9 283815
|
| 700 |
1 |
|
|a Blažo, Štefan,
|d 1956-
|4 pht
|9 156615
|
| 919 |
|
|
|a 80-7118-717-8
|
| 958 |
|
|
|a TL
|
| 999 |
|
|
|c 710621
|d 712551
|
| 952 |
|
|
|t P60, <04>, [BOOK], {604}
|a SNK
|b SNK
|y VYP
|7 0
|p 17A0189280
|o snkSC 98304 D1
|i snkKSP 3860/99
|0 0
|1 0
|4 0
|d 1999-04-12
|l 0
|r 2005-01-01 00:00:00
|w 2026-02-23
|
| 952 |
|
|
|t P60, <03>, [BOOK], {603}
|a SNK
|b SNK
|y PREZ
|7 0
|p 17A0189279
|o snkSC 98304
|i snkKSP 3859/99
|0 0
|1 0
|4 0
|d 1999-04-12
|f 1
|l 0
|r 2025-09-18 00:00:00
|w 2026-02-23
|